[Event "ESP Autonomico-chT"]
[Site "Spain"]
[Date "2006.04.01"]
[Round "9.41"]
[White "Sanz Arilla, Luis"]
[Black "Luis Vitalla, Fernando Maria"]
[Result "1/2-1/2"]
[WhiteElo "2283"]
[BlackElo "2203"]
[PlyCount "38"]
[EventDate "2006.02.04"]
[EventType "team"]
[EventRounds "9"]
[EventCountry "ESP"]
[SourceTitle "EXT 2007"]
[Source "ChessBase"]
[SourceDate "2006.11.23"]
[SourceVersion "1"]
[SourceVersionDate "2006.11.23"]
[SourceQuality "1"]

1. d4 d5 2. c4 c6 3. Nf3 Nf6 4. Nc3 dxc4 5. a4 Na6 6. e4 Bg4 7. Be3 e6 8. Bxc4 Bb4 9. Qd3 Bxf3 10. gxf3 Qa5 11. Rg1 0-0 12. e5 Ne8 13. Ke2 Rd8 14. Rg4 c5 15. Rag1 cxd4 16. Rh4 g6 17. Rxd4 Ng7 18. Bxa6 Bxc3 19. bxc3 bxa6 1/2-1/2

[Event "ESP Autonomico-chT"]
[Site "Spain"]
[Date "2006.03.25"]
[Round "8.57"]
[White "Trenado Munoz, Pedro"]
[Black "Sanz Arilla, Luis"]
[Result "0-1"]
[WhiteElo "2087"]
[BlackElo "2283"]
[PlyCount "48"]
[EventDate "2006.02.04"]
[EventType "team"]
[EventRounds "9"]
[EventCountry "ESP"]
[SourceTitle "EXT 2007"]
[Source "ChessBase"]
[SourceDate "2006.11.23"]
[SourceVersion "1"]
[SourceVersionDate "2006.11.23"]
[SourceQuality "1"]

1. e4 d6 2. d4 Nf6 3. Nc3 Nbd7 4. Nf3 e5 5. h3 c6 6. Be3 Be7 7. Bd3 0-0 8. 0-0 b5 9. Ne2 Bb7 10. Ng3 g6 11. Qd2 a6 12. c3 Qc7 13. Bh6 Rfe8 14. Ng5 d5 15. dxe5 Nxe5 16. Be2 dxe4 17. N5xe4 c5 18. Nxf6+ Bxf6 19. f4 Qc6 20. Bf3 Nxf3+ 21. gxf3 Rad8 22. Qg2 Rd3 23. Ne4 Bh4 24. Bg5 Rxe4 0-1

[Event "Autonomico-chT"]
[Site "Aragon"]
[Date "2005.02.19"]
[Round "4.37"]
[White "Sanz Arilla, Luis"]
[Black "Laliena Solanes, Luis M"]
[Result "1-0"]
[WhiteElo "2262"]
[BlackElo "2219"]
[PlyCount "29"]
[EventDate "2005.01.22"]
[EventType "team"]
[EventRounds "12"]
[EventCountry "ESP"]
[SourceTitle "EXT 2006"]
[Source "ChessBase"]
[SourceDate "2005.11.24"]
[SourceVersion "1"]
[SourceVersionDate "2005.11.24"]
[SourceQuality "1"]

1. d4 Nf6 2. Nf3 e6 3. Bg5 Be7 4. c4 b6 5. Nc3 Bb7 6. Qc2 d5 7. e3 Ne4 8. Bxe7 Qxe7 9. cxd5 exd5 10. Bb5+ c6 11. Nxd5 Qd6 12. Qxe4+ Kd8 13. Nc3 Re8 14. Qh4+ g5 15. Nxg5 1-0

[Event "Aragon-chT"]
[Site "Spain"]
[Date "2004.02.14"]
[Round "?"]
[White "Gomez Luesia, Jesus C"]
[Black "Sanz Arilla, Luis"]
[Result "0-1"]
[WhiteElo "2234"]
[BlackElo "2239"]
[PlyCount "67"]
[EventDate "2004.01.??"]
[EventType "team"]
[EventRounds "11"]
[EventCountry "ESP"]
[SourceTitle "EXT 2006"]
[Source "ChessBase"]
[SourceDate "2005.11.24"]
[SourceVersion "1"]
[SourceVersionDate "2005.11.24"]
[SourceQuality "1"]

1. d4 d5 2. Nf3 Nf6 3. c4 e6 4. g3 Be7 5. Bg2 0-0 6. 0-0 Nbd7 7. Nbd2 b6 8. Qa4 Bb7 9. Ne5 Nxe5 10. dxe5 Nd7 11. f4 Nc5 12. Qc2 dxc4 13. Bxb7 Qd4+ 14. Kg2 Nxb7 15. Nxc4 Qd5+ 16. e4 Qc6 17. Be3 b5 18. Na3 Qa6 19. g4 Bxa3 20. bxa3 Qxa3 21. Rf3 Qa4 22. Qc6 Na5 23. Qc3 b4 24. Qc1 Nc6 25. Qc5 b3 26. Rf2 b2 27. Rb1 Qxa2 28. Rff1 Na5 29. f5 g6 30. Bh6 Rfd8 31. Qe3 Nc4 32. Qf2 Qa3 33. Qh4 Rab8 34. Kg1 0-1

[Event "Aragon-chT"]
[Site "Aragon"]
[Date "2003.03.15"]
[Round "8"]
[White "Fernando Gros, Jorge Luis"]
[Black "Sanz Arilla, Luis"]
[Result "0-1"]
[WhiteElo "2079"]
[BlackElo "2066"]
[PlyCount "56"]
[EventDate "2003.02.??"]
[EventType "team"]
[EventRounds "9"]
[EventCountry "ESP"]
[SourceTitle "EXT 2004"]
[Source "ChessBase"]
[SourceDate "2003.11.25"]
[SourceVersion "1"]
[SourceVersionDate "2003.11.25"]
[SourceQuality "1"]

1. d4 d5 2. Nf3 Nf6 3. c4 e6 4. Nc3 Be7 5. Bf4 0-0 6. e3 c6 7. Bd3 dxc4 8. Bxc4 Nbd7 9. 0-0 b5 10. Bd3 a6 11. Ne5 Bb7 12. Qf3 Nxe5 13. Bxe5 Nd7 14. Qh3 g6 15. Rad1 Nxe5 16. dxe5 Qc7 17. f4 c5 18. Ne4 Bxe4 19. Bxe4 Rad8 20. Qf3 c4 21. f5 b4 22. Qe2 c3 23. bxc3 bxc3 24. Qxa6 c2 25. Rc1 Qc3 26. Bxc2 Rd2 27. Qb7 Qxe3+ 28. Kh1 Qe2 0-1

[Event "Aragon-chT"]
[Site "Aragon"]
[Date "2003.03.01"]
[Round "6"]
[White "Andreu Sin, Raul"]
[Black "Sanz Arilla, Luis"]
[Result "0-1"]
[WhiteElo "2092"]
[BlackElo "2066"]
[PlyCount "78"]
[EventDate "2003.02.??"]
[EventType "team"]
[EventRounds "9"]
[EventCountry "ESP"]
[SourceTitle "EXT 2004"]
[Source "ChessBase"]
[SourceDate "2003.11.25"]
[SourceVersion "1"]
[SourceVersionDate "2003.11.25"]
[SourceQuality "1"]

1. d4 d5 2. c4 c6 3. Nc3 dxc4 4. e3 b5 5. a4 b4 6. Na2 e6 7. Bxc4 Nf6 8. Nf3 Be7 9. 0-0 0-0 10. b3 Nbd7 11. Bb2 Bb7 12. Nc1 c5 13. Nd3 cxd4 14. Nxd4 Nb6 15. Bb5 Rc8 16. Rc1 Qd6 17. Nf4 Rxc1 18. Qxc1 Rc8 19. Qb1 Nbd5 20. Nxd5 Nxd5 21. Bc4 Nf6 22. f3 Qb6 23. Kh1 Bc5 24. Re1 e5 25. Nf5 e4 26. f4 Ng4 27. h3 Nf2+ 28. Kh2 Qg6 29. g4 h5 30. Nh4 Qb6 31. Nf5 hxg4 32. Bxg7 Qg6 33. Bh6 Qxf5 34. Qb2 g3+ 35. Kg1 Qg6 36. Bg5 Nxh3+ 37. Kg2 Nxg5 38. fxg5 Qh5 39. Rh1 Qf3+ 0-1

[Event "ESP-chT1"]
[Site "Mondariz"]
[Date "2002.09.13"]
[Round "5.4"]
[White "Sanz Arilla, Luis"]
[Black "Vila Dupla, Aurelio"]
[Result "1/2-1/2"]
[WhiteElo "2190"]
[BlackElo "2226"]
[PlyCount "103"]
[EventDate "2002.09.04"]
[EventType "team"]
[EventRounds "6"]
[EventCountry "ESP"]
[SourceTitle "CBM 090 Extra"]
[Source "ChessBase"]
[SourceDate "2002.11.07"]
[SourceVersion "1"]
[SourceVersionDate "2002.11.07"]
[SourceQuality "1"]

1. d4 d5 2. c4 e6 3. Nc3 Be7 4. Nf3 Nf6 5. Bg5 h6 6. Bh4 dxc4 7. e3 c5 8. Bxc4 0-0 9. 0-0 a6 10. dxc5 Qxd1 11. Rfxd1 Bxc5 12. Rac1 Be7 13. Ne5 g5 14. Bg3 Nbd7 15. Be2 Nxe5 16. Bxe5 b5 17. Bf3 Ra7 18. h3 Rd7 19. Rxd7 Bxd7 20. Rd1 Bc8 21. Bc7 Ne8 22. Ba5 Nf6 23. b3 Kg7 24. Ne2 Kg6 25. Nd4 Bd7 26. Nc6 Bxc6 27. Bxc6 Rc8 28. Bb7 Rc2 29. Rd2 Rxd2 30. Bxd2 b4 31. Bxa6 Nd5 32. Kf1 Bf6 33. Bd3+ Kg7 34. Ke2 Nc3+ 35. Bxc3 Bxc3 36. Bc2 Bb2 37. Kd3 Ba3 38. Kc4 Kf6 39. f3 Ke5 40. g3 Kf6 41. Bh7 Ke7 42. Kc5 Kd7 43. f4 gxf4 44. exf4 Ke7 45. g4 Kf8 46. h4 Kg7 47. Bd3 Kg8 48. Bb1 Kg7 49. h5 Kf6 50. Bd3 e5 51. fxe5+ Kxe5 52. Bf5 1/2-1/2

[Event "Aragon op"]
[Site "Aragon"]
[Date "2002.??.??"]
[Round "?"]
[White "Gonzalvo Lara, Victor"]
[Black "Sanz Arilla, Luis"]
[Result "1/2-1/2"]
[WhiteElo "2184"]
[BlackElo "2172"]
[PlyCount "57"]
[EventDate "2002.??.??"]
[EventType "swiss"]
[EventRounds "9"]
[EventCountry "ESP"]
[SourceTitle "EXT 2007"]
[Source "ChessBase"]
[SourceDate "2006.11.23"]
[SourceVersion "1"]
[SourceVersionDate "2006.11.23"]
[SourceQuality "1"]

1. e4 c6 2. c4 e5 3. d4 Bb4+ 4. Bd2 Bxd2+ 5. Qxd2 d6 6. Nf3 Nd7 7. Nc3 Ngf6 8. 0-0-0 Qe7 9. Nh4 g6 10. f4 Nh5 11. Qf2 Nxf4 12. d5 c5 13. g3 Nh5 14. Be2 Ng7 15. Rdf1 a6 16. g4 Nb6 17. Rhg1 h6 18. Rg3 g5 19. Ng2 Nd7 20. Ne3 f6 21. Rf3 Kd8 22. h4 Ne8 23. Rh1 gxh4 24. Rxh4 Nf8 25. Nf5 Qh7 26. Rfh3 Qg8 27. Nxh6 Qg7 28. Nf7+ Qxf7 29. Rxh8 1/2-1/2

[Event "Aragon-ch"]
[Site "Zaragoza"]
[Date "2002.??.??"]
[Round "3"]
[White "Sanz Arilla, Luis"]
[Black "Baron Rodriguez, Jesus"]
[Result "1/2-1/2"]
[WhiteElo "2092"]
[BlackElo "2399"]
[PlyCount "71"]
[EventDate "2002.10.26"]
[EventType "swiss"]
[EventRounds "9"]
[EventCountry "ESP"]
[SourceTitle "EXT 2004"]
[Source "ChessBase"]
[SourceDate "2003.11.25"]
[SourceVersion "1"]
[SourceVersionDate "2003.11.25"]
[SourceQuality "1"]

1. d4 e6 2. c4 Nf6 3. Nf3 d5 4. Bg5 Nbd7 5. cxd5 exd5 6. e3 Be7 7. Bd3 0-0 8. 0-0 Nh5 9. Bxe7 Qxe7 10. Nc3 Ndf6 11. Ne5 g6 12. Rb1 Ng7 13. b4 Bf5 14. b5 Rfd8 15. Na4 Nfe8 16. Nc5 f6 17. Bxf5 Nxf5 18. Ned3 Ned6 19. Nb4 Qf7 20. a4 h5 21. Qd3 Kg7 22. Rfc1 Rac8 23. a5 Kh6 24. Rc2 Rb8 25. Rbc1 Kg7 26. a6 b6 27. Na4 Rd7 28. Nc6 Ra8 29. Nc3 Ne7 30. Nxe7 Rxe7 31. Na2 Rd7 32. Nb4 Re8 33. Nc6 Ra8 34. f3 Qe6 35. Re2 Qf5 36. Qb3 1/2-1/2

[Event "Aragon-ch Absoluto"]
[Site "Zaragoza"]
[Date "2001.11.03"]
[Round "4"]
[White "Sanz Arilla, Luis"]
[Black "Arino Lison, Juan Jose"]
[Result "1-0"]
[WhiteElo "2119"]
[BlackElo "2148"]
[PlyCount "51"]
[EventDate "2001.10.20"]
[EventType "swiss"]
[EventRounds "9"]
[EventCountry "ESP"]
[SourceTitle "EXT 2003"]
[Source "ChessBase"]
[SourceDate "2002.11.25"]
[SourceVersion "1"]
[SourceVersionDate "2002.11.25"]
[SourceQuality "1"]

1. d4 d5 2. e3 Nf6 3. Bd3 e6 4. f4 c5 5. c3 Nc6 6. Nf3 Bd7 7. 0-0 Rc8 8. Nbd2 Bd6 9. Ne5 Qb6 10. Kh1 h5 11. Ndf3 Ke7 12. Ng5 Be8 13. Qf3 h4 14. Qh3 Bb8 15. a4 cxd4 16. exd4 Nxd4 17. Be3 Bxe5 18. fxe5 Nh5 19. Bxd4 Qxb2 20. Rab1 Qd2 21. Rxb7+ Kf8 22. Nxf7 Bxf7 23. Rfxf7+ Kg8 24. Qxe6 Ng3+ 25. Kg1 Ne2+ 26. Bxe2 1-0

[Event "Aragon-ch Absoluto"]
[Site "Zaragoza"]
[Date "2001.10.20"]
[Round "1"]
[White "Lopez Gracia, Fernando"]
[Black "Sanz Arilla, Luis"]
[Result "1/2-1/2"]
[WhiteElo "2219"]
[BlackElo "2119"]
[PlyCount "49"]
[EventDate "2001.10.20"]
[EventType "swiss"]
[EventRounds "9"]
[EventCountry "ESP"]
[SourceTitle "EXT 2003"]
[Source "ChessBase"]
[SourceDate "2002.11.25"]
[SourceVersion "1"]
[SourceVersionDate "2002.11.25"]
[SourceQuality "1"]

1. e4 d6 2. d4 Nf6 3. Nc3 g6 4. Nf3 Bg7 5. Be2 0-0 6. 0-0 Nc6 7. Be3 e5 8. h3 exd4 9. Nxd4 Bd7 10. f4 Re8 11. Bf3 a6 12. Qd2 Rb8 13. Rad1 Nxd4 14. Bxd4 Bc6 15. Rfe1 b5 16. Kh1 b4 17. Nd5 Nxd5 18. exd5 Bb5 19. c4 bxc3 20. Qxc3 Bxd4 21. Qxd4 Qh4 22. Rxe8+ Rxe8 23. Rc1 Qg3 24. a4 Bd7 25. Rf1 1/2-1/2

[Event "Zaragoza op"]
[Site "Zaragoza"]
[Date "2001.??.??"]
[Round "3"]
[White "Colas Longares, Rafael P"]
[Black "Sanz Arilla, Luis"]
[Result "1-0"]
[WhiteElo "2341"]
[BlackElo "2108"]
[PlyCount "74"]
[EventDate "2001.??.??"]
[EventType "swiss"]
[EventRounds "9"]
[EventCountry "ESP"]
[SourceTitle "EXT 2002"]
[Source "ChessBase"]
[SourceDate "2001.11.25"]
[SourceVersion "1"]
[SourceVersionDate "2001.11.25"]
[SourceQuality "1"]

1. e4 d6 2. d4 Nf6 3. Nc3 g6 4. g3 Bg7 5. Bg2 0-0 6. Nge2 e5 7. h3 Nc6 8. Be3 exd4 9. Nxd4 Bd7 10. 0-0 Re8 11. Nde2 Ne5 12. b3 b5 13. Rc1 a5 14. g4 b4 15. Nd5 Nc6 16. Bg5 Be6 17. Nxf6+ Bxf6 18. Bxf6 Qxf6 19. c3 Rac8 20. cxb4 Nxb4 21. Qd2 c5 22. Rfd1 Red8 23. Nc3 Rb8 24. Nd5 Bxd5 25. exd5 Ra8 26. Rc4 Rdb8 27. Bf1 Qd8 28. Re4 Na6 29. Rde1 Qf6 30. g5 Qd8 31. Re7 Qf8 32. Bc4 Rd8 33. R1e4 Nb8 34. Bb5 Na6 35. Qe2 Nb4 36. Bc4 a4 37. bxa4 Kg7 1-0

[Event "ESP-ch U20"]
[Site "Mondariz"]
[Date "2000.07.23"]
[Round "8"]
[White "Sanz Arilla, Luis"]
[Black "Garcia Luengo, Leandro"]
[Result "1/2-1/2"]
[WhiteElo "2100"]
[BlackElo "2221"]
[PlyCount "40"]
[EventDate "2000.07.16"]
[EventType "swiss"]
[EventRounds "8"]
[EventCountry "ESP"]
[SourceTitle "EXT 2001"]
[Source "ChessBase"]
[SourceDate "2000.11.22"]
[SourceVersion "1"]
[SourceVersionDate "2000.11.22"]
[SourceQuality "1"]

1. d4 Nf6 2. c4 c5 3. e3 e6 4. Nf3 cxd4 5. exd4 d5 6. Nc3 Be7 7. Bf4 0-0 8. Bd3 Nc6 9. 0-0 Nb4 10. c5 b6 11. cxb6 Nxd3 12. Qxd3 Qxb6 13. Qc2 Ba6 14. Na4 Qb4 15. Rfc1 Rfc8 16. Qd1 Nd7 17. a3 Qb5 18. b4 Rxc1 19. Rxc1 Bc8 20. Nc5 a5 1/2-1/2

[Event "Aragon-chT"]
[Site "Zaragoza"]
[Date "1999.12.01"]
[Round "4"]
[White "Sanz Arilla, Luis"]
[Black "Malo Guillen, Jose Luis"]
[Result "1/2-1/2"]
[WhiteElo "2132"]
[BlackElo "2212"]
[PlyCount "32"]
[EventDate "1999.11.??"]
[EventType "team"]
[EventRounds "9"]
[EventCountry "ESP"]
[SourceTitle "CBM 073 Extra"]
[Source "ChessBase"]
[SourceDate "2000.01.11"]
[SourceVersion "1"]
[SourceVersionDate "2000.01.11"]
[SourceQuality "1"]

1. d4 Nf6 2. c4 e6 3. Nf3 d5 4. Nc3 Bb4 5. Bg5 dxc4 6. e4 c5 7. e5 cxd4 8. Nxd4 Bxc3+ 9. bxc3 Qa5 10. exf6 Qxg5 11. fxg7 Qxg7 12. Qf3 Nd7 13. Bxc4 0-0 14. 0-0 Ne5 15. Qe2 b6 16. Ba6 Bxa6 1/2-1/2

[Event "Ibercaja op 11th"]
[Site "Zaragoza"]
[Date "1999.??.??"]
[Round "8"]
[White "Garcia Ares, Felix"]
[Black "Sanz Arilla, Luis"]
[Result "0-1"]
[WhiteElo "2240"]
[BlackElo "2055"]
[PlyCount "80"]
[EventDate "1999.04.??"]
[EventType "swiss"]
[EventRounds "9"]
[EventCountry "ESP"]
[SourceTitle "EXT 2000"]
[Source "ChessBase"]
[SourceDate "1999.11.16"]
[SourceVersion "1"]
[SourceVersionDate "1999.11.16"]
[SourceQuality "1"]

1. e4 d6 2. d4 Nf6 3. Nc3 g6 4. Nf3 Bg7 5. Be2 0-0 6. 0-0 c6 7. h3 b5 8. a3 a6 9. Bf4 Nbd7 10. e5 Ne8 11. Qd2 d5 12. a4 Nb6 13. b3 Nc7 14. Ne1 Ne6 15. Be3 Bxe5 16. a5 Bxd4 17. Bxd4 Nxd4 18. Qxd4 Nd7 19. Nf3 Qc7 20. Rfe1 e5 21. Qh4 Kg7 22. Bf1 e4 23. Nxe4 dxe4 24. Qxe4 Kg8 25. Qe7 Qf4 26. Rad1 Ra7 27. Rd4 Qc7 28. Qd6 Qxa5 29. Qxc6 Rc7 30. Qe4 Bb7 31. Qe7 Bxf3 32. b4 Qb6 33. Rxd7 Rxc2 34. Re3 Ba8 35. h4 Rc1 36. Rd6 Qb7 37. Qxb7 Bxb7 38. Re7 Bc8 39. Rd4 Be6 40. Re4 Rd8 0-1

[Event "ESP-ch U20"]
[Site "Seville"]
[Date "1999.??.??"]
[Round "2"]
[White "Sanz Arilla, Luis"]
[Black "Argandona Riveiro, Inigo"]
[Result "0-1"]
[WhiteElo "2059"]
[BlackElo "2224"]
[PlyCount "103"]
[EventDate "1999.??.??"]
[EventType "swiss"]
[EventRounds "9"]
[EventCountry "ESP"]
[SourceTitle "EXT 2000"]
[Source "ChessBase"]
[SourceDate "1999.11.16"]
[SourceVersion "1"]
[SourceVersionDate "1999.11.16"]
[SourceQuality "1"]

1. d4 e5 2. dxe5 Nc6 3. Nf3 Nge7 4. e4 Ng6 5. Nc3 Be7 6. Be3 0-0 7. Be2 Ncxe5 8. Nxe5 Nxe5 9. f4 Ng6 10. 0-0 d6 11. Bc4 c6 12. Qh5 b5 13. Bd3 Bf6 14. g4 Qe7 15. f5 Nh8 16. Rf3 g6 17. Qh3 a6 18. Raf1 Bd7 19. Qg2 g5 20. Qh3 Kg7 21. Qh5 Ng6 22. fxg6 fxg6 23. Qh3 Be5 24. Qg2 Be6 25. a3 h6 26. h3 Rf6 27. Rxf6 Bxf6 28. Qf2 c5 29. Nd1 Rf8 30. e5 Bxe5 31. Qxf8+ Qxf8 32. Rxf8 Kxf8 33. Bxg6 a5 34. c3 Bb3 35. Nf2 c4 36. Bb6 a4 37. Be3 d5 38. Kf1 Kg7 39. Bb1 b4 40. Bd2 bxa3 41. bxa3 Bd6 42. Bc1 Kf6 43. Ke2 Ke5 44. Nd1 Bf8 45. Ne3 d4 46. cxd4+ Kxd4 47. Bb2+ c3 48. Nf5+ Kd5 49. Bc1 Kc4 50. Bd3+ Kd5 51. h4 Ke5 52. h5 0-1

[Event "ESP-ch U20"]
[Site "Seville"]
[Date "1999.??.??"]
[Round "9"]
[White "Sanz Arilla, Luis"]
[Black "Garcia Luengo, Leandro"]
[Result "0-1"]
[WhiteElo "2059"]
[BlackElo "2203"]
[PlyCount "90"]
[EventDate "1999.??.??"]
[EventType "swiss"]
[EventRounds "9"]
[EventCountry "ESP"]
[SourceTitle "EXT 2000"]
[Source "ChessBase"]
[SourceDate "1999.11.16"]
[SourceVersion "1"]
[SourceVersionDate "1999.11.16"]
[SourceQuality "1"]

1. d4 d5 2. c4 e6 3. Nc3 c6 4. Nf3 Nf6 5. cxd5 exd5 6. Bg5 h6 7. Bh4 Bf5 8. e3 Nbd7 9. Ne5 Nxe5 10. dxe5 g5 11. exf6 gxh4 12. Qd4 Qb6 13. Qe5+ Be6 14. Bd3 0-0-0 15. Bf5 Bd6 16. Bxe6+ Kb8 17. Qh5 fxe6 18. Rb1 Qa6 19. Qxh4 Be5 20. f7 Qd3 21. Rc1 Rhf8 22. Qxh6 Qf5 23. Qh4 Rh8 24. Qa4 Qxf7 25. g3 Qf3 26. Rf1 Rxh2 27. Qd1 Qg2 28. Qg4 Rf8 29. Nd1 a6 30. b4 Rf3 31. Ke2 Rf8 32. Ke1 Rhh8 33. a4 Rhg8 34. Qe2 Qe4 35. Qd2 Rc8 36. Rc2 Rgd8 37. f4 Bf6 38. Nf2 Qf3 39. Nh1 Qg4 40. Qg2 d4 41. Qe2 Qxe2+ 42. Rxe2 d3 43. Ra2 Bc3+ 44. Kf2 a5 45. bxa5 c5 0-1